• 首页
  • 本馆介绍
  • 公告通知
  • 最新文献
  • 馆藏检索
  • 电子资源
  • 读者导购
  • 参考咨询
  • 我的图书馆
  • 登录
  • 详细信息显示
  • 放入我的书架
  • 预约/预借图书
  • 作者相关作品
  • 分类相关作品
  • 丛书相关作品
  • 出版社相关作品

书目信息

  • 表格格式
  • 工作单格式
  • 卡片格式
题名:
设计素描与色彩
    
 
作者: 李星 编著
分册:  
出版信息: 北京   清华大学出版社  2019.9
页数: 151页
开本: 26cm
丛书名: 全国高等院校艺术设计规划教材
单 册:
中图分类: J214 , J215
科图分类:
主题词: 素描技法--高等学校--教材 , 水粉画--绘画技法--高等学校--教材
电子资源:
ISBN: 978-7-302-44435-0
000 01136nam 2200301 45
001 012001000707
005 20130909132538.0
010    @a978-7-302-44435-0@dCNY49.00
099    @aCAL 012016103356
100    @a20160912d2016 ek y0chiy0110 ea
101 0  @achi
102    @aCN@b110000
105    @aa a 000yy
106    @ar
200 1  @a设计素描与色彩@Ashe ji su miao yu se cai@f李星 ... [等] 编著
210    @a北京@c清华大学出版社@d2019.9
215    @a151页@c图@d26cm
225 2  @a全国高等院校艺术设计规划教材@Aquan guo gao deng yuan xiao yi shu she ji gui hua jiao cai
320    @a有书目
330    @a本书在论述中结合经典的设计作品对色彩原理进行诠释,具有代表性;同时也沿用了不少优秀的作品,使读者在色彩构成训练中有样可依,具有较强针对性。另外,本书在编写过程中非常注重与后续课程的衔接,使素描设计与色彩构成形成真正的设计艺术。
461  0 @12001 @a全国高等院校艺术设计规划教材
606 0  @a素描技法@x高等学校@j教材
606 0  @a水粉画@x绘画技法@x高等学校@j教材
690    @aJ214@v5
690    @aJ215@v5
701  0 @a李星@Ali xing@4编著
801    @aCN@b江苏凤凰@c20211018
905    @b1340716-9@dJ214@e1224@f4
    
    设计素描与色彩/李星 ... [等] 编著.-北京:清华大学出版社,2019.9
    151页:图;26cm.-(全国高等院校艺术设计规划教材)
    
    
    ISBN 978-7-302-44435-0:CNY49.00
    本书在论述中结合经典的设计作品对色彩原理进行诠释,具有代表性;同时也沿用了不少优秀的作品,使读者在色彩构成训练中有样可依,具有较强针对性。另外,本书在编写过程中非常注重与后续课程的衔接,使素描设计与色彩构成形成真正的设计艺术。
●
相关链接 在E读中查询图书 在五车中查询图书 在当当中查询图书 在豆瓣中查询图书


正题名:设计素描与色彩     索取号:J214/1224         预约/预借

序号 登录号 条形码 馆藏地/架位号 状态 备注
1 1340716   213407160   第一样本阅览室/ [索取号:J214/1224] 在馆    
2 1340717   213407179   第一借阅区/ [索取号:J214/1224] 在馆    
3 1340718   213407188   第一借阅区/ [索取号:J214/1224] 在馆    
4 1340719   213407197   第一借阅区/ [索取号:J214/1224] 在馆    
唐山师范学院图书馆 欢迎您!
大连网信软件有限公司© 版权所有